История Предтечиных. Кн. 1: Опоздавшее Возрождение (Запись № 11464771)

Подробности
000 -МАРКЕР
контрольное поле 01001nam2a2200229 i 4500
001 - ИДЕНТИФИКАТОР ЗАПИСИ
контрольное поле RU\NLR\BIBL_A\011717567
005 - ИДЕНТИФИКАТОР ВЕРСИИ
контрольное поле 20240729025547.0
010 ## - МЕЖДУНАРОДНЫЙ СТАНДАРТНЫЙ НОМЕР КНИГИ (ISBN)
Номер (ISBN) 5982543871
Тираж 1000
035 ## - ДРУГИЕ СИСТЕМНЫЕ НОМЕРА
Идентификатор записи (NLR Aleph) 011717567
100 ## - ДАННЫЕ ОБЩЕЙ ОБРАБОТКИ
Данные общей обработки 20180601d2015 m y0rusy50 ca
101 0# - ЯЗЫК РЕСУРСА
Язык текста, звукозаписи и т.д. русский
102 ## - СТРАНА ПУБЛИКАЦИИ ИЛИ ПРОИЗВОДСТВА
Страна публикации Российская Федерация
105 ## - ПОЛЕ КОДИРОВАННЫХ ДАННЫХ: ТЕКСТОВЫЕ МАТЕРИАЛЫ, МОНОГРАФИЧЕСКИЕ
Кодированные данные о монографическом текстовом документе y z 000zy
200 1# - ЗАГЛАВИЕ И СВЕДЕНИЯ ОБ ОТВЕТСТВЕННОСТИ
Основное заглавие Опоздавшее Возрождение
210 ## - ПУБЛИКАЦИЯ, РАСПРОСТРАНЕНИЕ И ДР.
Дата издания, распространения и т.д. 2015
215 ## - ФИЗИЧЕСКАЯ ХАРАКТЕРИСТИКА
Специфическое обозначение материала и объем 396 с.
461 #0 - УРОВЕНЬ НАБОРА
Встроенное поле 001RU\NLR\BIBL_A\011721764
-- 2001#$aИстория Предтечиных$eроман-хроника$eв трех книгах$fМихаил Ловин$vКн. 1
-- 700#1$aЛовин$bМ. В.$f1975-$gМихаил Валерьевич
Системный номер (АБИС) связанной записи 11487350
Автор Ловин, М. В. (1975-)
Место публикации С.-Петербург
Дата публикации 2015
Первые сведения об ответственности Михаил Ловин
Имя издателя, распространителя и т.д. Русский писатель
Сведения, относящиеся к заглавию роман-хроника : в трех книгах
Заглавие История Предтечиных
Номер тома Кн. 1
942 ## - ДОПОЛНИТЕЛЬНЫЕ ЭЛЕМЕНТЫ ЗАПИСИ (АБИС)
Тип экземпляра АБИС Книга
980 ## - КОЛЛЕКЦИЯ
Название коллекции НБР

Нет доступных экземпляров.